| 000 | 00365 a2200145 4500 | ||
|---|---|---|---|
| 999 |
_c12005 _d12005 |
||
| 003 | OSt | ||
| 005 | 20240111182010.0 | ||
| 008 | 240111b ||||| |||| 00| 0 eng d | ||
| 020 | _a978-0500093887 | ||
| 082 | _a9780500093887 | ||
| 100 | _a Paul Gorman ; David Hockney | ||
| 245 | _aDerek Boshier: Rethink/Re-entry | ||
| 260 |
_bThames & Hudson _c2015 |
||
| 942 | _2ddc | ||